LEADER 01105nam0 2200289 450 001 000023072 005 20081113104834.0 100 $a20081113d1979----km-y0itaa50------ba 101 0 $aita 102 $aIT 200 1 $aScritti su Wagner$eRichard Wagner a Bayreuth, Il caso Wagner, Nietzsche contra Wagner$fFriedrich Nietzsche$gcon un saggio di Mario Bortolotto 210 $aMilano$cAdelphi$dc1979 215 $a265 p.$d18 cm 225 2 $aPiccola biblioteca Adelphi$v80 410 1$12001$aPiccola biblioteca Adelphi$v80 606 1 $aWagner,$bRichard 676 $a193$v(21. ed.)$9Filosofia occidentale moderna. Germania e Austria 700 1$aNietzsche,$bFriedrich$0178002 702 1$aBortolotto,$bMario 801 0$aIT$bUniversità della Basilicata - B.I.A.$gRICA$2unimarc 912 $a000023072 996 $aNietzsche contra Wagner$952463 997 $aUNIBAS BAS $aLETTERE CAT $aEXT10$b01$c20081113$lBAS01$h1048 FMT Z30 -1$lBAS01$LBAS01$mBOOK$1BASA1$APolo Storico-Umanistico$2FMAS$BFondo Masini$3FMas/817/434$6817/434$5B817/434$820081113$f04$FPrestabile Didattica LEADER 01411nam0-2200481---450- 001 990000088620203316 005 20000727 010 $a90-6191-507-4 035 $a0008862 035 $aUSA010008862 035 $a(ALEPH)000008862USA01 035 $a0008862 100 $a20000727d1984----|||y0itay0103----ba 101 0 $aeng 102 $aNL 105 $aa---||||001yy 200 1 $aRock mechanics design in mining and tunneling$fZ.T.Bieniawski 210 $aRotterdam$cA.A.Balkema$dcopyr.1984 215 $aVIII, 272 p.$cill. , [1] p. di tav.$d26 cm 610 $aMeccanica delle rocce 676 $a624.15132 700 1$aBIENIAWSKI,$bZ.T.$0754653 801 $aIT$bSALBC$gISBD 912 $a990000088620203316 951 $a624.15132 BIE$b13952 Ing.$c624.15132$d00001010 959 $aBK 979 $c20000914$lUSA01$h1741 979 $c20001019$lUSA01$h1056 979 $c20001019$lUSA01$h1454 979 $c20001019$lUSA01$h1501 979 $c20001019$lUSA01$h1539 979 $c20001024$lUSA01$h1515 979 $c20001027$lUSA01$h1519 979 $c20001027$lUSA01$h1524 979 $c20001110$lUSA01$h1710 979 $c20001124$lUSA01$h1208 979 $c20020403$lUSA01$h1616 979 $aPATRY$b90$c20040406$lUSA01$h1607 996 $aRock mechanics design in mining and tunneling$91518677 997 $aUNISA DB $aUSA01 SYS ID$a8862 bas $atec